00526pab a2200157 454500008004000000100002900040245014400069260000900213300001300222362000800235650001400243650001800257650002100275650002700296773004500323180718b2008 xxu||||| |||| 00| 0 eng d aReid, Margaret F. et al. aInformation technology employees in state government: a study of affective organizational commitment, job involvement, and job satisfaction c2008 ap.41-61. aMar aEmployees aOrganizations aJob satisfaction aInformation technology aAmerican Review of Public Administration